Normal view
MARC view
- CHINA -
Entry Nombre Geográfico
001 - NÚMERO DE CONTROL
- campo de control: 43416
003 - IDENTIFICADOR DE NUMERO DE CONTROL
- campo de control: UPN
005 - FECHA Y HORA DE LA ÜLTIMA TRANSACCIÓN
- campo de control: 20211004191535.0
008 - DATOS DE LONGITUD FIJA
- campo de control de longitud fija: 211004|g aca||babn | a|a d
040 ## - FUENTE DE CATALOGACIÓN
- Agencia de catalogación original: UPN
151 ## - ENCABEZAMIENTO - NOMBRE GEOGRÁFICO
- Nombre geográfico: CHINA -
- Subdivisión general : HISTORIA -
- Subdivisión cronológica : REBELION BOXER, 1899-1901
670 ## - FUENTE EN LA QUE SE LOCALIZARON DATOS
- Cita de la fuente: LC
- Información localizada: China - History - Boxer Rebellion, 1899-1901
902 ## - CATALOGADOR
- Catalogador: CAA/041021
